Movies Quiz

Random Movies or Nominee Quiz

The Only Oscar... Quiz Stats

 Plays Quiz Updated Mar 6, 2019

Score 0/17 Timer 06:00
2 Plays Today
The only... Answer % Correct
film to win eleven Oscars from eleven nominationsThe Lord of the Rings: The Return of the King
69.6%
traditionally-animated full-length film to be nominated for Best PictureBeauty and the Beast
54.8%
X-rated film to win Best PictureMidnight Cowboy
49.5%
remake of a foreign film to win Best PictureThe Departed
41%
fully-silent film to win Best PictureWings (at the first Oscars ceremony)
40.6%
person to win Best Actress and the Best Actress (Comedy) Emmy in the same yearHelen Hunt ('As Good as It Gets' and 'Mad About You')
29.2%
posthumous Best Actor winnerPeter Finch ('Network')
28.3%
G-rated film to win Best PictureOliver!
22.1%
Best Documentary winner to also win in another categoryAn Inconvenient Truth (Original Song)
20.8%
The only... Answer % Correct
film based on a US TV series to be nominated for Best PictureThe Fugitive
19.1%
person to win four Oscars in one ceremonyWalt Disney
18.8%
film to win eight Oscars, but not Best PictureCabaret (lost to 'The Godfather')
16.3%
Best Picture winner with no other nominations or AwardsGrand Hotel
15.4%
truly fictitious person (not a pseudonym for someone real) to be nominated for an OscarDonald Kaufman (Adapted Screenplay, 'Adaptation.')
11.6%
actor to win two Oscars for the same performanceHarold Russell (Supporting Actor and an Honorary Award, 'The Best Years of Our Lives')
8.2%
film to be nominated in every category for which it was eligibleWho's Afraid of Virginia Woolf?
6.3%
short film to win an Oscar in a writing categoryThe Red Balloon (Original Screenplay)
4.9%

You're not logged in!

Compare scores with friends on all Sporcle quizzes.
OR
Log In

Sporcle TV

Today on Sporcle TV


Watch our educational content, quiz creation guides, and fun videos on Sporcle TV.

Show Comments

Extras

Top Quizzes Today


Score Distribution

Your Account Isn't Verified!

In order to create a playlist on Sporcle, you need to verify the email address you used during registration. Go to your Sporcle Settings to finish the process.

Report this User

Report this user for behavior that violates our Community Guidelines.

Details: